000 02496nam a2200481 c 4500
003 BLK
005 20250128005508.0
008 180411b bul|||||r ||||||| ||bul||
010 _aKNG00187736000
020 _a978-954-8505-63-5
_bиздат.: Ирин-Пирин
040 _aBLK
041 _aBUL
_cBUL
072 7 _2bullib
_aН32
_xПолитика Н
080 _aПолитическо влияние и натиск върху други държави
_b327.8
_x(497.2:456.31)(092)
_z327.8(497.2:456.31)(092)
080 _aМеждународни политически отношения. Световна политика. Международна политика. Дипломация
_b327
_x(497.2:456.31)
_z327(497.2:456.31)
080 _aБългарин, арестуван и съден за съучастие в атентата срещу папа Йоан Павел II. Служител на БГА „Балкан“ в Италия
_b929 Антонов, Сергей Иванов
_x
_z929 Антонов, Сергей Иванов
100 1 _aКременлиев, Атанас Георгиев
_eпърви автор
_984082
700 1 _aПетков, Марин
_eсъавт.
_9341602
139 _aКременлиев, Атанас Георгиев и др.
_bА 75
245 1 0 _aСергей Антонов - страдалецът в Рим
_cАтанас Георгиев Кременлиев; съавт. Марин Петков.
257 _aBGR
260 Благоевград
_bИрин-Пирин
_c2016
300 _a276 с., 8 л.
_bсн.
_c21 см
380 _a3
500 _aСъдържа и за авт. - Библиогр. с. 273-274.
600 1 4 _aАнтонов, Сергей Иванов
_9305473
650 4 _aАнтонов, Сергей Иванов
_9305473
650 4 _aТероризъм - популярна литература
_9326000
650 7 _aБългария - външна политика
_2
_9149489
651 4 _aБългария
_9241624
653 _aСергей Антонов
653 _aтероризъм
653 _aмеждународни отношения
653 _aатентати
653 _aбиографии
659 _aН
852 _aЦб 280447
856 4 _qpdf
_u
856 4 _qpdf
_u
942 _cKNG
_n0
944 _aCR
_c10.05.2016
_lCRON CRON
_k
944 _aED
_c15.05.2017
_lф /
_kЛюдмила_Стоянова
999 _c178976
_d178976